00253nam a22001097a 4500003000400000020002200004082001600026100002500042245003600067260003200103300000800135SGT a978-93-91150-44-0 a371.92bSHA aSHARMA, DR. MADHAVI  aHANDBOOK FOR SPECIAL EDUCATION  aINDIA bHORIGON BOOK c2020 a219